Claude Tresmontant y el descubrimiento maravillado de lo Real. In memoriam (notice n° 1612811)
[ vue normale ]
| 000 -LEADER | |
|---|---|
| fixed length control field | 00914cam a2200157 4500500 |
| 005 - DATE AND TIME OF LATEST TRANSACTION | |
| control field | 20260111040547.0 |
| 041 ## - LANGUAGE CODE | |
| Language code of text/sound track or separate title | fre |
| 042 ## - AUTHENTICATION CODE | |
| Authentication code | dc |
| 100 10 - MAIN ENTRY--PERSONAL NAME | |
| Personal name | Tourenne, Yves |
| Relator term | author |
| 245 00 - TITLE STATEMENT | |
| Title | Claude Tresmontant y el descubrimiento maravillado de lo Real. In memoriam |
| 260 ## - PUBLICATION, DISTRIBUTION, ETC. | |
| Date of publication, distribution, etc. | 2025.<br/> |
| 500 ## - GENERAL NOTE | |
| General note | 62 |
| 520 ## - SUMMARY, ETC. | |
| Summary, etc. | La posteridad intelectual de Claude Tresmontant sigue siendo poco conocida. Filósofo cristiano inclasificable, intentó restablecer un diálogo entre ciencia, filosofía y fe, revalorizando al mismo tiempo a Blondel en una perspectiva metafísica realista. Su obra, injustamente marginada, merece hoy ser releída, como nos invita a hacerlo Yves Tourenne en el artículo siguiente. |
| 786 0# - DATA SOURCE ENTRY | |
| Note | Nouvelle revue théologique | 148 | 1 | 2025-12-09 | p. 88-102 | 0029-4845 |
| 856 41 - ELECTRONIC LOCATION AND ACCESS | |
| Uniform Resource Identifier | <a href="https://shs.cairn.info/revista-nouvelle-revue-theologique-2026-1-page-88?lang=es&redirect-ssocas=7080">https://shs.cairn.info/revista-nouvelle-revue-theologique-2026-1-page-88?lang=es&redirect-ssocas=7080</a> |
Pas d'exemplaire disponible.




Réseaux sociaux